Memes politiques français - Statistiques

Statistiques générales
  • Ce quiz a été pris 3 346 fois
  • Le résultat moyen est 8 sur 14
Statistiques - réponses
Phrase Réponse % Correct
C'est de la poudre de ...Emmanuel Macron Perlimpinpin
98%
La ... , c'est moi !Jean-Luc Mélanchon République
88%
The yes needs the ... to win against the ...Jean-Pierre Raffarin No
80%
... , au secours !Jean-Marie Le Pen Jeanne
78%
Parce que que c'est ... ... !Emmanuel Macron Notre projet
71%
... ? ... ?! ... ?!! Mais qui elle est celle là ?Jean-Luc Mélanchon Moi
68%
Ils sont là, dans les campagnes, dans les villes, ils sont sur les ... ...Marine Le Pen Réseaux sociaux
56%
Vous m'avez ...Valérie Pécresse Manqué
53%
Be you, be ... ... ... because you can be do, what we want to doFrançois Hollande Proud of you
53%
Ohhhhh eh bah ...Eric Zemmour Voyons
41%
Je n'imagine pas plus grand honneur et plus grand bonheur que de présider un pays dans lequel il y a plus de ... que de jours dans l'annéeValérie Pécresse Fromages
34%
La France demande du courage. Ce courage je l'ai. Alors, ... !Valérie Pécresse Debout
29%
Est ce vous pensez que je n'aurais pas pu faire comme tant avant moi mettre la poussière sous le tapis ? ..., ...Emmanuel Macron Oui, peut-être
24%
Mais comme Marine Le Pen est Bretonne, j'imagine qu'elle aime le ... et elle va en bouffer beaucoup !Valérie Pécresse Quatre-quarts
24%
Aucun quiz correspondant
Distribution des résultats
% des personnes avec chaque résultat
Percentile par nombre de réponses
Votre historique - résultats
Vous n’avez pas pris ce quiz